Design of concrete structures (Record no. 3622)

000 -LEADER
fixed length control field 00547nam a22002057a 4500
001 - CONTROL NUMBER
control field 3622
003 - CONTROL NUMBER IDENTIFIER
control field BD-DhUET
008 - FIXED-LENGTH DATA ELEMENTS--GENERAL INFORMATION
fixed length control field 141102b xxu||||| |||| 00| 0 eng d
040 ## - CATALOGING SOURCE
Transcribing agency 0
Modifying agency BD-DhUET
082 ## - DEWEY DECIMAL CLASSIFICATION NUMBER
Classification number 624.183
Item number WIN/1972
100 ## - MAIN ENTRY--PERSONAL NAME
Personal name Winter, George
245 ## - TITLE STATEMENT
Title Design of concrete structures
Statement of responsibility, etc. by George Winter and Arthur H. Nilson
250 ## - EDITION STATEMENT
Edition statement 8th ed.
260 ## - PUBLICATION, DISTRIBUTION, ETC. (IMPRINT)
Place of publication, distribution, etc. New York
Name of publisher, distributor, etc. McGraw-Hill
Date of publication, distribution, etc. 1972
300 ## - PHYSICAL DESCRIPTION
Extent xii,615p.
504 ## - BIBLIOGRAPHY, ETC. NOTE
Bibliography, etc Includes bibliographies
650 #0 - SUBJECT ADDED ENTRY--TOPICAL TERM
Topical term or geographic name as entry element Reinforced concrete
700 ## - ADDED ENTRY--PERSONAL NAME
Personal name Nilson, Arthur H.
942 ## - ADDED ENTRY ELEMENTS (KOHA)
Koha item type General Book
Holdings
Not for loan Koha issues (times borrowed) Koha date last seen Date acquired Copy number Sublocation or collection (holding branch) Price effective from Lost status Damaged status Koha normalized classification for sorting Koha item type Piece designation (barcode) Koha date last borrowed Shelving location Koha full call number Withdrawn status Location (home branch) Source of classification or shelving scheme
 22025-06-182014-11-021Central Library, BUET2014-11-02  624_183000000000000_WIN_1972General Book398702025-05-26Circulation section624.183/WIN/1972 Central Library, BUET 
 12025-05-282014-11-022Central Library, BUET2014-11-02  624_000000000000000_183WIN1972General Book442532025-05-26Circulation section624.183/WIN/1972 Central Library, BUET 
  2014-11-182014-11-183Central Library, BUET2014-11-18  624_000000000000000_183WIN1972General Book39869 Circulation section624.183/WIN/1972 Central Library, BUET 
  2014-11-182014-11-184Central Library, BUET2014-11-18  624_000000000000000_183WIN1972General Book39871 Circulation section624.183/WIN/1972 Central Library, BUET 
 22025-06-282015-02-225Central Library, BUET2015-02-22  624_183000000000000_WIN_1972General Book428442025-05-27Circulation section624.183/WIN/1972 Central Library, BUET 
  2015-02-222015-02-226Central Library, BUET2015-02-22  624_183000000000000_WIN_1972General Book54930 Circulation section624.183/WIN/1972 Central Library, BUET 
 12025-05-272015-05-077Central Library, BUET2015-05-07  624_183000000000000_WIN_1972General Book451122025-05-26Circulation section624.183/WIN/1972 Central Library, BUET